[Event "Asian Continental-ch Women 2019"]
[Site "XingTai"]
[Date "2019.06.13"]
[Round "7.22"]
[White "Pham, Le Thao Nguyen"]
[Black "Gomes, Mary Ann"]
[Result "1-0"]
[WhiteElo "2370"]
[BlackElo "2314"]
[Annotator "TA"]
[PlyCount "63"]
[EventDate "2019.06.06"]
[EventType "swiss"]
[EventCountry "CHN"]
[SourceTitle "playchess.com"]
[Source "ChessBase"]
[SourceQuality "1"]

{[%evp 16,153,10,4,9,-12,-16,-14,-18,-20,-20,-26,-18,-16,-9,-20,-21,-14,0,0,0,0,0,0,28,13,13,17,27,23,40,7,47,21,12,0,0,0,0,7,80,79,80,76,83,84,92,67,131,16,23,19,41,0,0,0,0,0,0,0,34,43,39,43,31,0,0,0,17,12,54,0,0,0,0,0,0,0,17,0,0,0,559,58,60,51,56,59,67,79,321,315,315,303,616,50,602,582,1680,535,1496,317,508,528,442,414,603,601,524,598,588,588,583,0,0,0,581,575,100,0,0,0,142,104,88,95,113,97,112,113,127,100,102,23,54,47,47,0,29983,29984]} 1. d4 Nf6 2. c4 e6 3. Nf3 Bb4+ 4. Bd2 Qe7 5. g3 Bxd2+ 6. Nbxd2 d6 7. Bg2 O-O 8. O-O e5 9. e3 h6 {E11: Bogo-Indian} (9... Re8 10. Rc1 h6 11. Nb1 c6 12. Nc3 Bg4 13. h3 Bh5 14. g4 Bg6 15. c5 Nbd7 16. cxd6 Qxd6 17. dxe5 Qxd1 18. Rfxd1 Nxe5 19. Nxe5 Rxe5 {½-½ (35) Li,C (2613)-Zhou,J (2650) China 2010}) 10. d5 a5 11. b3 $146 ({Predecessor:} 11. e4 Na6 12. b3 Nc5 13. Qc2 g6 14. Ne1 Bd7 15. Nd3 b6 16. Rae1 Nh5 17. Nxc5 bxc5 18. f4 f6 19. f5 g5 20. Bf3 {½-½ (20) Ayan,B (1835)-Pasoglou,E (1938) Prague 2016}) 11... Na6 {[%cal Bb8a6,Ba6c5,Bc5e4][%mdl 32] The position is equal.} 12. a3 Bd7 13. Qc2 c6 14. dxc6 Bxc6 15. Qc3 Nc5 16. b4 Nce4 17. Nxe4 Bxe4 18. Nd2 Bxg2 19. Kxg2 d5 20. c5 Rfd8 21. Rfe1 Qc7 22. Nf3 Re8 23. Rec1 Rad8 24. Rd1 Ne4 25. Qb2 Re6 26. Rac1 Rf6 27. Rc2 Re6 (27... d4 $11) 28. Qb3 $16 axb4 29. axb4 Qd7 30. b5 Ng5 31. Ng1 Rf6 (31... Ne4 $14) 32. h4 {Played: f2-f4} 1-0

[Event "Asian Continental-ch Women 2019"]
[Site "XingTai"]
[Date "2019.06.13"]
[Round "7.23"]
[White "Li, Yunshan"]
[Black "Vo, Thi Kim Phung"]
[Result "1-0"]
[WhiteElo "2264"]
[BlackElo "2337"]
[Annotator "NA RC"]
[PlyCount "133"]
[EventDate "2019.06.06"]
[EventType "swiss"]
[EventCountry "CHN"]
[SourceTitle "playchess.com"]
[Source "ChessBase"]
[SourceQuality "1"]
[TimeControl "40/5400+30:1800+30"]

1. d4 {[%emt 0:00:00]} Nf6 {[%emt 0:00:00]} 2. c4 {[%emt 0:00:00]} e6 {[%emt 0:00:00]} 3. g3 {[%emt 0:00:00]} c5 {[%emt 0:00:00]} 4. d5 {[%emt 0:00:15]} exd5 $11 {[%emt 0:00:09]} 5. cxd5 {[%emt 0:00:04]} d6 {[%emt 0:00:08]} 6. Nc3 {[%emt 0:00:10]} g6 {[%emt 0:00:16]} 7. Bg2 {[%emt 0:00:08]} Bg7 {[%emt 0:00:11]} 8. Nf3 {[%emt 0:00:08]} O-O {[%emt 0:00:11]} 9. O-O {[%emt 0:00:09]} a6 {[%emt 0:00:08]} 10. a4 {[%emt 0:00:10]} Re8 {[%emt 0:00:07]} 11. Re1 {[%emt 0:00:43]} Nbd7 {[%emt 0:00:06]} 12. h3 {[%emt 0:08:32]} Ne4 {[%emt 0:01:26]} 13. Nxe4 {[%emt 0:01:02]} Rxe4 {[%emt 0:00:06]} 14. Qc2 {[%emt 0:02:31]} Re8 {[%emt 0:02:31]} 15. Bf4 {[%emt 0:01:56]} Nf6 {[%emt 0:02:04]} 16. e4 {[%emt 0:02:28]} Nh5 {[%emt 0:00:42]} 17. Bd2 {[%emt 0:06:29]} Bd7 {[%emt 0:01:29]} 18. Bc3 {[%emt 0:07:03]} b5 {[%emt 0:02:59]} 19. Bxg7 {[%emt 0:00:49]} Nxg7 {[%emt 0:00:14]} 20. e5 {[%emt 0:00:25]} bxa4 {[%emt 0:08:46]} 21. exd6 {[%emt 0:00:44]} Qf6 {[%emt 0:01:25]} 22. Nd2 {[%emt 0:04:11]} Bf5 {[%emt 0:03:11]} 23. Qxa4 {[%emt 0:17:39]} Qxb2 {[%emt 0:02:16]} 24. Rxe8+ {[%emt 0:00:32]} Nxe8 {[%emt 0:07:20]} 25. Nc4 {[%emt 0:03:25]} Qb4 {[%emt 0:00:33]} 26. Qc6 {[%emt 0:01:45]} Rd8 {[%emt 0:00:16]} 27. Bf1 {[%emt 0:08:22]} Bc8 {[%emt 0:09:44]} 28. Nb6 {[%emt 0:05:31]} Qc3 {[%emt 0:00:52]} 29. Ra4 {[%emt 0:07:41]} Nxd6 {[%emt 0:04:34]} 30. Nxc8 Nxc8 {[%emt 0:00:09]} 31. Rxa6 {[%emt 0:03:44]} Nd6 {[%emt 0:07:04]} 32. Qc7 {[%emt 0:00:37]} Qf6 {[%emt 0:00:11]} 33. Qxc5 {[%emt 0:01:13]} Kg7 {[%emt 0:01:06]} 34. Qc7 {[%emt 0:05:43]} Ne8 {[%emt 0:01:11]} 35. Qa5 {[%emt 0:01:55]} Nd6 {[%emt 0:01:22]} 36. Qa1 {[%emt 0:06:49]} Qxa1 {[%emt 0:02:05]} 37. Rxa1 {[%emt 0:00:02]} g5 {[%emt 0:01:56]} 38. Ra4 {[%emt 0:02:22]} Kf6 {[%emt 0:00:16]} 39. Bg2 {[%emt 0:00:33]} h6 {[%emt 0:00:23]} 40. f4 {[%emt 0:00:00]} Kf5 {[%emt 0:00:00]} 41. Kh2 {[%emt 0:08:16]} Kf6 {[%emt 0:02:34]} 42. g4 {[%emt 0:00:46]} gxf4 {[%emt 0:04:15]} 43. Rxf4+ {[%emt 0:00:15]} Ke5 {[%emt 0:00:09]} 44. Rf1 {[%emt 0:04:27]} f5 {[%emt 0:00:14]} 45. Kg3 {[%emt 0:01:01]} fxg4 {[%emt 0:13:17]} 46. hxg4 {[%emt 0:01:07]} h5 {[%emt 0:02:46]} 47. Re1+ {[%emt 0:02:54]} Kf6 {[%emt 0:04:13]} 48. Re6+ {[%emt 0:00:43]} Kf7 {[%emt 0:00:45]} 49. gxh5 {[%emt 0:01:38]} Rg8+ {[%emt 0:00:34]} 50. Kf2 {[%emt 0:00:25]} Ne8 {[%emt 0:04:50]} 51. Be4 {[%emt 0:02:35]} Nf6 {[%emt 0:00:06]} 52. Bg6+ {[%emt 0:00:40]} Kg7 {[%emt 0:00:01]} 53. d6 {[%emt 0:01:37]} Rh8 {[%emt 0:02:55]} 54. Ke3 {[%emt 0:10:07]} Nxh5 {[%emt 0:00:16]} 55. Bxh5 {[%emt 0:00:20]} Rxh5 {[%emt 0:00:02]} 56. Ke4 {[%emt 0:00:51]} Rh1 {[%emt 0:24:50]} 57. Kd5 {[%emt 0:00:30]} Kf7 {[%emt 0:02:15]} 58. Re4 {[%emt 0:00:27]} Rd1+ {[%emt 0:00:21]} 59. Kc6 {[%emt 0:00:06]} Rc1+ {[%emt 0:00:27]} 60. Kb7 {[%emt 0:00:20]} Rd1 {[%emt 0:00:16]} 61. Kc7 {[%emt 0:00:05]} Rc1+ {[%emt 0:00:07]} 62. Kd8 {[%emt 0:00:05]} Rd1 {[%emt 0:02:32]} 63. d7 {[%emt 0:00:04]} Rd2 {[%emt 0:00:30]} 64. Re7+ {[%emt 0:00:41]} Kf8 {[%emt 0:00:12]} 65. Re8+ {[%emt 0:00:08]} Kf7 {[%emt 0:00:04]} 66. Kc7 {[%emt 0:00:14]} Rc2+ {[%emt 0:02:24]} 67. Kb6 {[%emt 0:00:04]} 1-0

[Event "Asian Continental-ch Women 2019"]
[Site "XingTai"]
[Date "2019.06.13"]
[Round "7.24"]
[White "Hoang, Thi Bao Tram"]
[Black "Ren, Xiaoyi"]
[Result "1/2-1/2"]
[WhiteElo "2293"]
[BlackElo "2255"]
[Annotator "TA"]
[PlyCount "73"]
[EventDate "2019.06.06"]
[EventType "swiss"]
[EventCountry "CHN"]
[SourceTitle "playchess.com"]
[Source "ChessBase"]
[SourceQuality "1"]

{[%evp 12,73,37,-3,24,-8,23,21,21,13,13,-2,48,-20,0,0,0,0,0,-13,-6,-14,0,0,18,18,16,13,32,29,22,21,29,6,16,0,42,42,42,42,42,41,56,56,54,48,56,50,92,56,58,54,54,54,54,39,46,46,46,46,46,40,50,45]} 1. d4 d5 2. Nf3 Nf6 3. e3 Bf5 4. c4 e6 5. Qb3 Qc8 6. Nc3 c6 7. Bd2 Be7 {D06: Queen's Gambit: Symmetrical and Baltic Defences} 8. Rc1 O-O 9. Nh4 Be4 $146 {The position is equal.} ({Predecessor:} 9... Bg4 10. h3 Bh5 11. g4 Bg6 12. Nxg6 fxg6 13. g5 Ne4 14. Nxe4 dxe4 15. h4 {1-0 (30) Tuvsanaa,N (2212)-Zhang,L (2192) Qinhuangdao 2019}) 10. Be2 h6 11. O-O Nbd7 {[%cal Bb8d7,Bd7b6,Bb6d5,Bd5c3][%mdl 32]} 12. f4 ({White should play} 12. cxd5 $14 Bxd5 13. Nxd5 Nxd5 14. Nf3) 12... dxc4 13. Qxc4 Nb6 14. Qb3 Nbd5 (14... Qd8 {looks sharper.} 15. Nf3 Bh7 16. Rfd1 a5 17. a4 Qc7) 15. Nf3 Nxc3 16. Bxc3 Qc7 17. Nd2 Qb6 18. Nxe4 Nxe4 19. Qc2 Nxc3 20. bxc3 c5 21. Rb1 Qc7 22. Qe4 Rab8 23. f5 (23. g4 {is more complex.} Bf6 24. Rf3 Qc6 25. Qxc6 bxc6 26. Rff1) 23... Qc6 (23... exf5 {keeps more tension.} 24. Rxf5 cxd4 25. Bd3 g6 26. exd4 Qxc3 27. Rxf7 Rxf7 28. Qxg6+ Kh8) 24. Qxc6 bxc6 25. Rxb8 Rxb8 26. fxe6 fxe6 $14 {[%mdl 4096] Endgame KRB-KRB} 27. Bc4 Bg5 28. Rf3 Rb1+ 29. Kf2 Bh4+ 30. g3 Rb2+ {White is slightly better.} 31. Kg1 Bf6 32. Bxe6+ Kf8 33. Rf5 Re2 34. Rxc5 Rxe3 35. Rxc6 {[#] Strongly threatening Kf2.} Rxc3 36. d5 Rxc6 37. dxc6 {Accuracy: White = 52%, Black = 43%.} 1/2-1/2

[Event "Asian Continental-ch Women 2019"]
[Site "XingTai"]
[Date "2019.06.13"]
[Round "7.25"]
[White "Dauletova, Gulmira"]
[Black "Mahalakshmi, M."]
[Result "1/2-1/2"]
[WhiteElo "2252"]
[BlackElo "2245"]
[Annotator "NA"]
[PlyCount "241"]
[EventDate "2019.06.06"]
[EventType "swiss"]
[EventCountry "CHN"]
[SourceTitle "playchess.com"]
[Source "ChessBase"]
[SourceQuality "1"]
[TimeControl "40/5400+30:1800+30"]

1. e4 {[%emt 0:00:00]} c5 {[%emt 0:00:00]} 2. Nf3 {[%emt 0:00:00]} d6 {[%emt 0:00:00]} 3. d4 {[%emt 0:00:23]} cxd4 {[%emt 0:00:00]} 4. Nxd4 {[%emt 0:00:06]} Nf6 {[%emt 0:00:00]} 5. Nc3 {[%emt 0:00:12]} a6 {[%emt 0:00:21]} 6. Nb3 {[%emt 0:01:51]} Nc6 {[%emt 0:05:01]} 7. Be2 {[%emt 0:01:32]} e6 {[%emt 0:01:12]} 8. O-O {[%emt 0:06:18]} b5 {[%emt 0:02:05]} 9. a3 {[%emt 0:01:09]} Be7 {[%emt 0:00:52]} 10. Be3 {[%emt 0:01:50]} O-O {[%emt 0:02:53]} 11. f4 {[%emt 0:00:09]} Bb7 {[%emt 0:02:23]} 12. Qd2 {[%emt 0:04:47]} Rc8 {[%emt 0:03:01]} 13. Bf3 {[%emt 0:02:51]} Nd7 {[%emt 0:04:08]} 14. Qf2 {[%emt 0:17:10]} Na5 {[%emt 0:04:28]} 15. Nd4 {[%emt 0:08:13]} Nc4 {[%emt 0:03:23]} 16. Bc1 {[%emt 0:00:04]} Ndb6 {[%emt 0:11:16]} 17. b3 {[%emt 0:06:32]} Nxa3 {[%emt 0:02:33]} 18. Bxa3 {[%emt 0:03:21]} Rxc3 {[%emt 0:03:12]} 19. Bb4 {[%emt 0:00:57]} Rc8 {[%emt 0:10:21]} 20. Ba5 {[%emt 0:00:04]} Qc7 {[%emt 0:03:02]} 21. f5 {[%emt 0:29:29]} e5 {[%emt 0:05:30]} 22. f6 {[%emt 0:00:01]} Bxf6 {[%emt 0:01:37]} 23. Nf5 {[%emt 0:00:02]} Bd8 {[%emt 0:02:09]} 24. Rad1 {[%emt 0:00:02]} Rb8 {[%emt 0:08:08]} 25. Rxd6 {[%emt 0:03:17]} Bc8 {[%emt 0:09:31]} 26. Rxb6 {[%emt 0:08:12]} Rxb6 {[%emt 0:06:06]} 27. Bxb6 {[%emt 0:00:01]} Qxb6 {[%emt 0:00:09]} 28. Ne7+ {[%emt 0:00:04]} Kh8 {[%emt 0:00:04]} 29. Nxc8 {[%emt 0:00:03]} Qc7 {[%emt 0:00:43]} 30. Bg4 {[%emt 0:00:21]} f5 {[%emt 0:02:25]} 31. exf5 {[%emt 0:00:02]} Rf6 {[%emt 0:01:01]} 32. Qe2 {[%emt 0:03:28]} Qxc8 {[%emt 0:02:46]} 33. Qxe5 {[%emt 0:00:02]} Bc7 {[%emt 0:00:57]} 34. Qe4 {[%emt 0:00:13]} Qb8 {[%emt 0:00:38]} 35. g3 {[%emt 0:03:11]} Rf8 {[%emt 0:01:17]} 36. Re1 {[%emt 0:01:25]} Bb6+ {[%emt 0:01:57]} 37. Kg2 {[%emt 0:00:04]} Qc7 {[%emt 0:00:34]} 38. Rf1 {[%emt 0:00:48]} Rc8 {[%emt 0:01:19]} 39. Bd1 {[%emt 0:00:20]} Rd8 {[%emt 0:01:27]} 40. Be2 {[%emt 0:00:00]} Rf8 {[%emt 0:00:00]} 41. Bd3 {[%emt 0:03:25]} Qd7 {[%emt 0:03:04]} 42. Qb4 {[%emt 0:06:51]} Rf6 {[%emt 0:02:50]} 43. Re1 {[%emt 0:06:19]} Qc6+ {[%emt 0:04:26]} 44. Qe4 {[%emt 0:00:04]} Qc5 {[%emt 0:01:50]} 45. Qa8+ {[%emt 0:03:33]} Rf8 {[%emt 0:00:54]} 46. Re8 {[%emt 0:00:22]} Kg8 {[%emt 0:00:39]} 47. Rxf8+ {[%emt 0:03:01]} Qxf8 {[%emt 0:00:02]} 48. Qxa6 {[%emt 0:00:10]} Qc5 {[%emt 0:00:58]} 49. Qxb5 {[%emt 0:00:14]} Qf2+ {[%emt 0:01:36]} 50. Kh3 {[%emt 0:00:02]} Qe3 {[%emt 0:00:27]} 51. Qd5+ {[%emt 0:00:13]} Kf8 {[%emt 0:00:08]} 52. Qd6+ {[%emt 0:00:27]} Kf7 {[%emt 0:00:56]} 53. Bc4+ {[%emt 0:00:34]} Ke8 {[%emt 0:00:07]} 54. Qe6+ {[%emt 0:00:34]} Qxe6 {[%emt 0:00:07]} 55. Bxe6 {[%emt 0:00:18]} Ke7 {[%emt 0:00:13]} 56. Bg8 {[%emt 0:00:44]} h6 {[%emt 0:00:10]} 57. Bc4 {[%emt 0:03:40]} Kd6 {[%emt 0:00:27]} 58. Kg4 {[%emt 0:00:13]} Bg1 {[%emt 0:00:13]} 59. h3 {[%emt 0:00:04]} Bf2 {[%emt 0:01:08]} 60. Kf4 {[%emt 0:00:17]} Kc5 {[%emt 0:00:20]} 61. g4 {[%emt 0:00:48]} Kd4 {[%emt 0:00:31]} 62. f6 {[%emt 0:01:02]} gxf6 {[%emt 0:00:45]} 63. Bd3 {[%emt 0:00:49]} Kc3 {[%emt 0:02:09]} 64. Kf5 {[%emt 0:00:16]} Bh4 {[%emt 0:00:20]} 65. Kg6 {[%emt 0:00:26]} Bg5 {[%emt 0:00:06]} 66. Kh5 {[%emt 0:01:37]} Be3 {[%emt 0:00:49]} 67. Bf5 {[%emt 0:00:20]} Bd2 {[%emt 0:01:11]} 68. Kg6 {[%emt 0:00:03]} Bg5 {[%emt 0:00:16]} 69. Kf7 {[%emt 0:01:32]} Bh4 {[%emt 0:02:33]} 70. Ke6 {[%emt 0:00:05]} Bg5 {[%emt 0:00:42]} 71. Kd5 {[%emt 0:00:05]} Be3 {[%emt 0:05:29]} 72. h4 {[%emt 0:00:06]} Bf2 {[%emt 0:00:38]} 73. h5 {[%emt 0:00:03]} Be3 {[%emt 0:01:05]} 74. Kc6 {[%emt 0:00:50]} Bf4 {[%emt 0:01:00]} 75. Kc5 {[%emt 0:00:04]} Be3+ {[%emt 0:00:25]} 76. Kb5 {[%emt 0:00:10]} Bf4 {[%emt 0:00:11]} 77. Kc6 {[%emt 0:00:12]} Be3 {[%emt 0:00:33]} 78. Kd5 {[%emt 0:00:08]} Bf4 {[%emt 0:00:46]} 79. Ke6 {[%emt 0:00:02]} Bg5 {[%emt 0:01:53]} 80. Kf7 {[%emt 0:00:16]} Bh4 {[%emt 0:01:31]} 81. Kg7 {[%emt 0:01:01]} Bg5 {[%emt 0:00:09]} 82. Kg6 {[%emt 0:00:04]} Kb4 {[%emt 0:01:08]} 83. c4 {[%emt 0:02:38]} Kc5 {[%emt 0:01:19]} 84. Bc2 {[%emt 0:01:07]} Kb4 {[%emt 0:01:06]} 85. Bd1 {[%emt 0:00:39]} Kc5 {[%emt 0:00:12]} 86. Kf5 {[%emt 0:01:29]} Bh4 {[%emt 0:00:50]} 87. Ke4 {[%emt 0:00:31]} Bg5 {[%emt 0:01:01]} 88. Kd3 {[%emt 0:00:52]} Bh4 {[%emt 0:00:41]} 89. Bc2 {[%emt 0:00:48]} Bg3 {[%emt 0:00:28]} 90. Ke4 {[%emt 0:00:35]} Bh4 {[%emt 0:00:15]} 91. Kf5 {[%emt 0:00:54]} Bg5 {[%emt 0:00:17]} 92. Ke6 {[%emt 0:00:06]} Bh4 {[%emt 0:00:29]} 93. Kd7 {[%emt 0:00:15]} Bg5 {[%emt 0:01:20]} 94. Bd1 {[%emt 0:00:59]} Bh4 {[%emt 0:00:32]} 95. Ke6 {[%emt 0:00:16]} Bg5 {[%emt 0:00:38]} 96. Be2 {[%emt 0:00:10]} Bh4 {[%emt 0:00:49]} 97. Kf5 {[%emt 0:02:24]} Bg5 {[%emt 0:00:18]} 98. Ke4 {[%emt 0:00:02]} Bh4 {[%emt 0:01:00]} 99. Kd3 {[%emt 0:00:04]} Bf2 {[%emt 0:00:55]} 100. Bf1 {[%emt 0:00:45]} Bg3 {[%emt 0:01:21]} 101. Ke3 {[%emt 0:00:17]} Bh4 {[%emt 0:00:18]} 102. Ke4 {[%emt 0:00:11]} Bg5 {[%emt 0:00:12]} 103. Kf5 {[%emt 0:01:20]} Bh4 {[%emt 0:00:11]} 104. Kg6 {[%emt 0:00:05]} Bg5 {[%emt 0:00:04]} 105. Be2 {[%emt 0:00:43]} Kb4 {[%emt 0:00:08]} 106. Kf5 {[%emt 0:01:39]} Kc5 {[%emt 0:00:08]} 107. Ke4 {[%emt 0:00:53]} Bh4 {[%emt 0:00:17]} 108. Kd3 {[%emt 0:00:04]} Bf2 {[%emt 0:00:18]} 109. Bf3 {[%emt 0:00:06]} Bg3 {[%emt 0:01:08]} 110. Bd5 {[%emt 0:01:20]} Bf2 {[%emt 0:01:07]} 111. Be6 {[%emt 0:00:12]} Bg3 {[%emt 0:00:42]} 112. g5 {[%emt 0:02:05]} fxg5 {[%emt 0:00:13]} 113. Bg4 {[%emt 0:00:01]} Bf2 {[%emt 0:01:40]} 114. Ke4 {[%emt 0:00:32]} Kb4 {[%emt 0:00:22]} 115. Kd5 {[%emt 0:00:23]} Be3 {[%emt 0:00:26]} 116. Ke4 {[%emt 0:00:36]} Bf2 {[%emt 0:00:53]} 117. Kd5 {[%emt 0:00:43]} Be3 {[%emt 0:00:06]} 118. Kd6 {[%emt 0:00:41]} Bf2 {[%emt 0:00:20]} 119. Kd5 {[%emt 0:01:59]} Be3 {[%emt 0:00:08]} 120. Ke4 {[%emt 0:00:45]} Bf2 {[%emt 0:00:06]} 121. Kd5 {[%emt 0:01:43]} 1/2-1/2

[Event "Asian Continental-ch Women 2019"]
[Site "XingTai"]
[Date "2019.06.14"]
[Round "8.18"]
[White "Saduakassova, Dinara"]
[Black "Munguntuul, Batkhuyag"]
[Result "1-0"]
[WhiteElo "2458"]
[BlackElo "2420"]
[Annotator "ChessBase"]
[PlyCount "105"]
[EventDate "2019.06.06"]
[EventType "swiss"]
[EventCountry "CHN"]
[SourceTitle "playchess.com"]
[Source "ChessBase"]
[SourceQuality "1"]
[TimeControl "40/5400+30:1800+30"]

1. e4 {[%emt 0:00:00]} c5 {[%emt 0:00:00]} 2. Nf3 {[%emt 0:00:00]} e6 {[%emt 0:00:00]} 3. d4 {[%emt 0:00:00]} cxd4 {[%emt 0:00:00]} 4. Nxd4 {[%emt 0:00:00]} Nc6 {[%emt 0:00:00]} 5. Nc3 {[%emt 0:00:00]} Qc7 {[%emt 0:00:02]} 6. Be3 {[%emt 0:00:00]} a6 {[%emt 0:00:11]} 7. Qd2 {[%emt 0:00:11]} Nf6 {[%emt 0:01:16]} 8. O-O-O {[%emt 0:00:45]} Bb4 {[%emt 0:00:24]} 9. f3 {[%emt 0:00:28]} O-O {[%emt 0:01:53]} 10. a3 {[%emt 0:00:34]} Be7 {[%emt 0:01:10]} 11. g4 {[%emt 0:00:36]} b5 {[%emt 0:00:39]} 12. h4 {[%emt 0:00:23]} b4 {[%emt 0:05:20]} 13. axb4 {[%emt 0:00:50]} Bxb4 {[%emt 0:00:13]} 14. h5 {[%emt 0:08:00]} Ne5 {[%emt 0:11:14]} 15. g5 {[%emt 0:01:55]} Ne8 {[%emt 0:01:09]} 16. f4 {[%emt 0:06:14]} Nc4 {[%emt 0:04:44]} 17. Bxc4 {[%emt 0:00:57]} Qxc4 {[%emt 0:00:05]} 18. h6 {[%emt 0:08:24]} g6 {[%emt 0:02:14]} 19. Nf3 {[%emt 0:05:34]} Bxc3 {[%emt 0:13:36]} 20. Qxc3 {[%emt 0:01:10]} Qxc3 {[%emt 0:00:24]} 21. bxc3 {[%emt 0:00:04]} Bb7 {[%emt 0:00:36]} 22. Rxd7 {[%emt 0:01:51]} Bxe4 {[%emt 0:00:25]} 23. Rf1 {[%emt 0:00:23]} f6 {[%emt 0:07:55]} 24. Nd2 {[%emt 0:06:44]} Bf5 {[%emt 0:05:22]} 25. gxf6 {[%emt 0:08:46]} Rf7 {[%emt 0:09:15]} 26. Rxf7 {[%emt 0:03:10]} Kxf7 {[%emt 0:00:01]} 27. Nf3 {[%emt 0:00:18]} Nxf6 {[%emt 0:00:24]} 28. Ng5+ {[%emt 0:00:46]} Kg8 {[%emt 0:00:21]} 29. Rd1 {[%emt 0:00:50]} Nd5 {[%emt 0:04:18]} 30. Bd4 {[%emt 0:09:11]} Nxf4 {[%emt 0:14:23]} 31. Be5 {[%emt 0:00:55]} Nd5 {[%emt 0:00:04]} 32. c4 {[%emt 0:00:59]} Rc8 {[%emt 0:00:09]} 33. Rd4 {[%emt 0:00:32]} Nb6 {[%emt 0:02:38]} 34. c5 {[%emt 0:02:46]} Nd5 {[%emt 0:00:51]} 35. Kd2 {[%emt 0:01:19]} Rxc5 {[%emt 0:04:29]} 36. c4 {[%emt 0:00:16]} a5 {[%emt 0:02:15]} 37. cxd5 {[%emt 0:00:22]} exd5 {[%emt 0:02:17]} 38. Ke3 {[%emt 0:01:49]} Rb5 {[%emt 0:02:54]} 39. Kf4 {[%emt 0:01:11]} Bc2 {[%emt 0:02:56]} 40. Bd6 {[%emt 0:00:00]} a4 {[%emt 0:00:00]} 41. Ke5 {[%emt 0:03:28]} Bb3 {[%emt 0:09:18]} 42. Rb4 {[%emt 0:03:18]} Rxb4 {[%emt 0:00:12]} 43. Bxb4 {[%emt 0:00:04]} Ba2 {[%emt 0:00:35]} 44. Bc3 {[%emt 0:00:15]} Bb3 {[%emt 0:00:12]} 45. Bd4 {[%emt 0:00:25]} a3 {[%emt 0:00:18]} 46. Ke6 {[%emt 0:00:14]} Bc2 {[%emt 0:00:24]} 47. Ke7 {[%emt 0:01:37]} Bf5 {[%emt 0:02:56]} 48. Nf7 {[%emt 0:01:06]} g5 {[%emt 0:02:38]} 49. Nxg5 {[%emt 0:00:43]} a2 {[%emt 0:00:15]} 50. Nf7 {[%emt 0:00:42]} Bd7 {[%emt 0:00:03]} 51. Nd6 {[%emt 0:02:49]} Ba4 {[%emt 0:00:10]} 52. Nf5 {[%emt 0:02:11]} Bc2 {[%emt 0:00:24]} 53. Ne3 {[%emt 0:00:07]} 1-0

[Event "Asian Continental-ch Women 2019"]
[Site "XingTai"]
[Date "2019.06.14"]
[Round "8.19"]
[White "Sukandar, Irine Kharisma"]
[Black "Munkhzul, Turmunkh"]
[Result "1/2-1/2"]
[WhiteElo "2378"]
[BlackElo "2371"]
[Annotator "NA"]
[PlyCount "55"]
[EventDate "2019.06.06"]
[EventType "swiss"]
[EventCountry "CHN"]
[SourceTitle "playchess.com"]
[Source "ChessBase"]
[SourceQuality "1"]
[TimeControl "40/5400+30:1800+30"]

1. e4 {[%emt 0:00:00]} c6 {[%emt 0:00:00]} 2. d4 {[%emt 0:00:07]} d5 {[%emt 0:00:40]} 3. Nc3 {[%emt 0:00:20]} dxe4 {[%emt 0:01:00]} 4. Nxe4 {[%emt 0:00:05]} Bf5 {[%emt 0:00:33]} 5. Ng3 {[%emt 0:00:18]} Bg6 {[%emt 0:00:11]} 6. h4 {[%emt 0:00:21]} h6 {[%emt 0:00:23]} 7. Nf3 {[%emt 0:00:18]} e6 {[%emt 0:00:43]} 8. h5 {[%emt 0:01:47]} Bh7 {[%emt 0:00:16]} 9. Bd3 {[%emt 0:00:10]} Bxd3 {[%emt 0:00:56]} 10. Qxd3 {[%emt 0:00:05]} Nf6 {[%emt 0:01:43]} 11. Bd2 {[%emt 0:00:47]} Nbd7 {[%emt 0:00:45]} 12. O-O-O {[%emt 0:00:25]} Be7 {[%emt 0:00:51]} 13. Qe2 {[%emt 0:04:11]} O-O {[%emt 0:02:18]} 14. Ne5 {[%emt 0:00:38]} Qc7 {[%emt 0:07:38]} 15. f4 {[%emt 0:04:52]} c5 {[%emt 0:07:05]} 16. Nxd7 {[%emt 0:10:15]} Qxd7 {[%emt 0:01:28]} 17. dxc5 {[%emt 0:01:18]} Qa4 {[%emt 0:01:41]} 18. Kb1 {[%emt 0:01:14]} Bxc5 {[%emt 0:00:55]} 19. Qf3 {[%emt 0:04:43]} Rfc8 {[%emt 0:06:44]} 20. Bc3 {[%emt 0:10:49]} Nd5 {[%emt 0:27:17]} 21. Rxd5 {[%emt 0:00:59]} exd5 {[%emt 0:02:26]} 22. Nf5 {[%emt 0:00:56]} Bf8 {[%emt 0:13:16]} 23. Nxh6+ {[%emt 0:24:09]} gxh6 {[%emt 0:01:25]} 24. Qg4+ {[%emt 0:02:07]} Kh7 {[%emt 0:00:07]} 25. Qf5+ {[%emt 0:00:13]} Kg8 {[%emt 0:00:16]} 26. Qg4+ {[%emt 0:01:04]} Kh7 {[%emt 0:00:10]} 27. Qf5+ {[%emt 0:00:28]} Kg8 {[%emt 0:00:14]} 28. Qg4+ {[%emt 0:00:40]} 1/2-1/2